Astrology - Essential Dignities (Traditional) - Statistics

General Stats
  • This quiz has been taken 40 times
  • The average score is 21 of 28
Answer Stats
Planet Domicile % Correct
Sun Leo
100%
Mars {Aries} and {Scorpio}
97%
Moon Cancer
97%
Mercury {Gemini} and {Virgo}
97%
Venus {Taurus} and {Libra}
97%
Saturn {Capricorn} and {Aquarius}
94%
Jupiter {Sagittarius} and {Pisces}
94%
Sun Aries
74%
Mars Capricorn
74%
Moon Taurus
74%
Mercury Virgo
74%
Jupiter Cancer
71%
Moon Capricorn
71%
Venus Pisces
71%
Mars {Taurus} and {Libra}
71%
Sun Aquarius
68%
Venus {Aries} and {Scorpio}
68%
Jupiter {Gemini} and {Virgo}
68%
Saturn Libra
68%
Sun Libra
68%
Mercury Pisces
68%
Mercury {Sagittarius} and {Pisces}
68%
Moon Scorpio
68%
Mars Cancer
65%
Saturn {Cancer} and {Leo}
65%
Venus Virgo
61%
Saturn Aries
58%
Jupiter Capricorn
58%
No matching quizzes found
Score Distribution
Percent of People with Each Score
Percentile by Number Answered
Your Score History
You have not taken this quiz